|
|
|
|
| LEADER |
00832nam a2200181Ia 4500 |
| 008 |
150624b xxu||||| |||| 00| 0 eng d |
| 020 |
|
|
|a 0415365104
|
| 020 |
|
|
|a 415365104
|
| 082 |
|
|
|a 572.865
|
| 100 |
|
|
|a Latchman, David S.
|
| 245 |
|
|
|a Gene regulation:
|b A eukaryotic perspective /
|c David S. Latchman
|
| 250 |
|
|
|a 5th ed.
|
| 260 |
|
|
|a New York :
|b Taylor & Francis,
|c 2005.
|
| 300 |
|
|
|a 374 p.
|
| 505 |
|
|
|a 1. Tissue-specific expression of proteins and messenger RNAs 2. The DNA of different cell types is similar in both amount and type 3. Gene expression 4. Regulation at transcription 5. Post-transcriptional regulation 6. Transcriptional control-chromatin st
|
| 942 |
|
|
|c TXT
|
| 999 |
|
|
|c 55245
|d 55245
|
| 952 |
|
|
|0 0
|1 0
|4 0
|6 572_865000000000000_LAT_G
|7 0
|9 55223
|a UL
|b UL
|c ST1
|d 2012-10-27
|l 0
|o 572.865 LAT/G
|p 79586
|r 2012-10-27
|w 2012-10-27
|y TXT
|